01300nam a2200265 a 450000100100000000500170001000800410002704000250006808200160009310000290010924500480013826000360018630000200022249000300024249000270027259000260029983000370032583000340036295201290039695201290052595201290065495201140078395201200089799900170101700002838620200930054922.0110408s2007 dr r 000 0 spa d aDO-SdBNPbspacBNPHU axxxxbS593d1 aSimó, Dennis R.91402310aDiscursos del Rector 2 /cDennis R. Simó. aSanto Domingo :bUNAPEC,c2007. a91 p. ;c23 cm.1 aUNAPEC por un mundo mejor1 aDEsde la rectoríav2 aInventariado, 2019/BT 0aUNAPEC por un mundo mejor922883 0aDEsde la rectorían2955345 001054708DSaGRbGRcHDd2019-05-27iLF1l0oxxxx S593dp28386-30r2020-06-25te. 3w2020-06-25yLFDSZPréstamo en sala 001054708DSaGRbGRcHDd2019-05-29iLF1l0oxxxx S593dp28386-40r2020-06-25te. 4w2020-06-25yLFDSZPréstamo en sala 001054708DSaGRbGRcHDd2019-07-24iLF1l0oxxxx S593dp28386-50r2020-06-25te. 5w2020-06-25yLFDSZPréstamo en sala 0010718PDaPDbPDcHDd2011-04-08iLF1l0oxxxx S593dp28386-10r2020-06-25w2020-06-25yLFPDZNo se presta 0010718PDaPDbPDcHDd2013-05-10iLF1l0oxxxx S593dp28386-20r2020-06-25te. 2w2020-06-25yLFPDZNo se presta c27878d27878